[Event "AUTO-ADV-4715"]
[Site "http://www.queenalice.com/game.php?id=1816045"]
[Date "2023.7.11"]
[Round "1"]
[White "freeman4"]
[Black "jenyasm"]
[Result "0-1"]
[WhiteElo "1629"]
[BlackElo "1747"]

1. d4 d5 2. c4 Nf6 3. cxd5 Nxd5 4. Nc3 Nf6 5. e4 Nc6 6. Nf3 e6 7. Bb5 Bd7 8. O-O
a6 9. Bxc6 Bxc6 10. Bg5 h6 0-1

[Event "AUTO-ADV-4715"]
[Site "http://www.queenalice.com/game.php?id=1816046"]
[Date "2023.7.11"]
[Round "1"]
[White "jenyasm"]
[Black "freeman4"]
[Result "1-0"]
[WhiteElo "1735"]
[BlackElo "1641"]

1. e4 e6 2. d3 d5 3. e5 c5 4. c3 Nc6 5. Nf3 f6 6. d4 c4 7. b3 fxe5 8. dxe5 Qc7
9. Qe2 b5 10. Bf4 Bc5 11. b4 1-0

[Event "AUTO-ADV-4715"]
[Site "http://www.queenalice.com/game.php?id=1816047"]
[Date "2023.7.11"]
[Round "1"]
[White "freeman4"]
[Black "Canaye"]
[Result "0-1"]
[WhiteElo "1595"]
[BlackElo "1849"]

1. Nf3 e6 2. c4 d5 3. e3 c5 4. d4 Nc6 5. cxd5 exd5 6. dxc5 Bxc5 7. Bd3 Nge7 8.
O-O Bg4 9. Nbd2 O-O 10. Qc2 Bd6 11. Bxh7+ Kh8 0-1

[Event "AUTO-ADV-4715"]
[Site "http://www.queenalice.com/game.php?id=1816048"]
[Date "2023.7.11"]
[Round "1"]
[White "Canaye"]
[Black "freeman4"]
[Result "1-0"]
[WhiteElo "1855"]
[BlackElo "1589"]

1. d4 Nf6 2. c4 g6 3. Nc3 d5 4. c5 Bg7 5. h3 O-O 6. Bf4 c6 7. e3 Nbd7 8. Bd3 Re8
9. Nge2 e5 10. dxe5 Nxe5 11. Bc2 Bd7 12. O-O 1-0

[Event "AUTO-OPEN-4459"]
[Site "http://www.queenalice.com/game.php?id=1816083"]
[Date "2023.7.11"]
[Round "1"]
[White "Canaye"]
[Black "freeman4"]
[Result "1-0"]
[WhiteElo "1865"]
[BlackElo "1579"]

1. d4 Nf6 2. c4 g6 3. Nc3 d5 4. cxd5 Nxd5 5. e4 Nxc3 6. bxc3 Bg7 7. Bd3 c5 8.
Ne2 Qb6 9. d5 O-O 10. Rb1 Qa5 11. Qb3 1-0

[Event "AUTO-OPEN-4459"]
[Site "http://www.queenalice.com/game.php?id=1816084"]
[Date "2023.7.11"]
[Round "1"]
[White "freeman4"]
[Black "Canaye"]
[Result "0-1"]
[WhiteElo "1584"]
[BlackElo "1860"]

1. Nf3 e6 2. c4 d5 3. e3 Nf6 4. Nc3 c5 5. cxd5 Nxd5 6. Nxd5 exd5 7. d4 Nc6 8.
Be2 cxd4 9. Nxd4 Bb4+ 10. Bd2 Qa5 11. Nb3 Bxd2+ 0-1

[Event "AUTO-INT-3843"]
[Site "http://www.queenalice.com/game.php?id=1821709"]
[Date "2023.9.27"]
[Round "1"]
[White "freeman4"]
[Black "game"]
[Result "1-0"]
[WhiteElo "1518"]
[BlackElo "1526"]

1. Nf3 d5 2. g3 Nc6 3. Bg2 e5 4. d3 Nb4 5. O-O Bf5 6. a3 Na6 7. Nxe5 Bd6 8. d4
Bxe5 9. dxe5 Bg4 10. h3 h5 11. hxg4 h4 12. Qxd5 Qe7 13. Qxb7 Rd8 14. Qxa6 Qxe5
15. Qc6+ Rd7 16. Qe4 Re7 17. Qa8+ Kd7 18. Rd1+ Ke6 19. Qc6+ Qd6 20. Rxd6+ cxd6
21. Qc8+ Kf6 22. Qf5# 1-0

[Event "AUTO-INT-3843"]
[Site "http://www.queenalice.com/game.php?id=1821710"]
[Date "2023.9.27"]
[Round "1"]
[White "game"]
[Black "freeman4"]
[Result "0-1"]
[WhiteElo "1497"]
[BlackElo "1534"]

1. e4 e6 2. Nf3 d5 3. exd5 exd5 4. d4 Bd6 5. Nc3 c6 6. Ng5 Bf5 7. Qf3 Bg6 8. Bd3
Nf6 9. h4 O-O 10. Bxg6 hxg6 11. h5 gxh5 12. g4 Qe7+ 13. Kd1 hxg4 14. Qd3 g6 15.
Qh3 gxh3 16. Nxh3 Ne4 17. Rg1 Nd7 18. Bh6 Nxc3+ 19. bxc3 Rfe8 20. Bg5 Qe2+ 21.
Kc1 Ba3+ 22. Kb1 Qb5# 0-1

[Event "AUTO-INT-3843"]
[Site "http://www.queenalice.com/game.php?id=1821711"]
[Date "2023.9.27"]
[Round "1"]
[White "freeman4"]
[Black "zmanomega"]
[Result "0-1"]
[WhiteElo "1549"]
[BlackElo "1605"]

1. d4 d5 2. c4 Nf6 3. e3 Ne4 4. Nf3 f6 5. Bd3 Bg4 6. Nc3 dxc4 7. Bxe4 c6 8. Qc2
Nd7 9. Bxh7 Qb6 10. Bg6+ Kd8 11. Bd2 Kc7 12. Na4 Qb5 13. O-O-O Be6 14. Nc3 Qb6
15. e4 a5 16. Bf4+ Kd8 17. d5 cxd5 18. exd5 Bg4 19. Bf7 g5 20. Be3 Qa6 0-1

[Event "AUTO-INT-3843"]
[Site "http://www.queenalice.com/game.php?id=1821712"]
[Date "2023.9.27"]
[Round "1"]
[White "zmanomega"]
[Black "freeman4"]
[Result "1-0"]
[WhiteElo "1619"]
[BlackElo "1535"]

1. e4 e5 2. Nf3 Nc6 3. c3 d6 4. Bc4 Be7 5. O-O Nf6 6. Re1 O-O 7. d4 Bg4 8. dxe5
Nxe5 9. Bb3 Nxf3+ 10. gxf3 Bh3 11. Kh1 c6 12. Nd2 Qb6 13. Re2 d5 14. exd5 Rfe8
15. dxc6 bxc6 16. Ne4 Rad8 17. Nd2 Bc5 18. Ne4 Rxd1+ 19. Bxd1 Nxe4 20. fxe4 Bxf2
21. b4 1-0

[Event "AUTO-INT-3846"]
[Site "http://www.queenalice.com/game.php?id=1822838"]
[Date "2023.10.13"]
[Round "1"]
[White "NeeneNY"]
[Black "freeman4"]
[Result "1-0"]
[WhiteElo "1513"]
[BlackElo "1587"]

1. e4 e6 2. Nf3 d5 3. e5 c5 4. Bd3 c4 5. Be2 Bc5 6. O-O Ne7 7. d4 cxd3 8. Bxd3
O-O 9. c4 Nbc6 10. Nc3 h6 11. cxd5 Nxd5 12. Nxd5 Qxd5 13. a3 Nxe5 14. Be2 Nxf3+
15. Bxf3 Qxd1 16. Rxd1 e5 17. b4 Bd4 18. Rb1 Rb8 19. Bb2 Bxb2 20. Rxb2 Be6 21.
Be2 f5 22. Rd6 1-0

[Event "AUTO-INT-3846"]
[Site "http://www.queenalice.com/game.php?id=1822839"]
[Date "2023.10.13"]
[Round "1"]
[White "freeman4"]
[Black "NeeneNY"]
[Result "0-1"]
[WhiteElo "1568"]
[BlackElo "1532"]

1. d4 d5 2. c4 dxc4 3. Nf3 Nf6 4. a4 e6 5. e3 Bb4+ 6. Bd2 Nc6 7. Bxc4 O-O 8. O-O
Qd6 9. Nc3 Bxc3 10. Bxc3 Ne4 11. Qc2 Nxc3 12. bxc3 Na5 13. Bd3 Bd7 14. c4 c5 15.
Bxh7+ Kh8 16. Bd3 f5 17. Ne5 Rf6 18. Nxd7 Qxd7 19. d5 exd5 20. cxd5 Qxd5 21. Be2
Nb3 0-1

[Event "AUTO-INT-3846"]
[Site "http://www.queenalice.com/game.php?id=1822850"]
[Date "2023.10.13"]
[Round "1"]
[White "kuntakinte"]
[Black "freeman4"]
[Result "0-1"]
[WhiteElo "1854"]
[BlackElo "1559"]

1. e4 e6 2. d4 d5 3. e5 c5 4. Nf3 Nc6 5. Bb5 Qb6 6. a4 Bd7 7. Be3 a6 8. Bxc6
Bxc6 9. b3 c4 10. Nfd2 cxb3 11. Nxb3 Nh6 12. a5 Qd8 13. O-O Nf5 14. g3 Be7 15.
N1d2 O-O 16. c4 dxc4 17. Nxc4 Nxe3 18. Nxe3 Qd7 19. Qc2 Rac8 20. Qd3 Rfd8 21.
Rad1 Bb5 22. Qe4 Bxf1 23. Kxf1 Qb5+ 24. Qd3 Rc3 25. Qxb5 axb5 26. Rb1 b4 27. Nd1
Rc2 28. Ne3 Rc6 29. Rd1 Kf8 30. d5 exd5 31. Nxd5 Ke8 32. Ke1 Bf8 33. Rd4 Bc5 34.
Nxc5 Rxc5 35. Rxb4 Rdxd5 0-1

[Event "AUTO-INT-3846"]
[Site "http://www.queenalice.com/game.php?id=1822851"]
[Date "2023.10.13"]
[Round "1"]
[White "freeman4"]
[Black "kuntakinte"]
[Result "0-1"]
[WhiteElo "1551"]
[BlackElo "1797"]

1. Nf3 d5 2. d4 e6 3. Bf4 Nf6 4. e3 a6 5. Bd3 Bb4+ 6. c3 Ba5 7. Qa4+ Nc6 8. Nbd2
Bd7 9. Qa3 b5 10. b4 Bb6 11. O-O O-O 12. e4 dxe4 13. Nxe4 Qe7 14. Nc5 Bxc5 15.
dxc5 e5 16. Rfe1 e4 17. Nd2 Bf5 18. Qc1 Qd8 19. Bxe4 Bxe4 20. Nxe4 Re8 21. Nxf6+
gxf6 22. Rxe8+ Qxe8 23. Bxc7 Qd7 24. Bd6 a5 25. Qf4 Re8 26. bxa5 Kh8 27. Qxf6+
Kg8 28. Qg5+ Kh8 29. Rd1 Qe6 30. h4 Rg8 31. Qe3 Qg6 32. Qf3 h5 33. Qxc6 Kh7 34.
Qf3 Qe6 35. Qxh5+ Kg7 36. Rd4 f5 37. Qg5+ Kf7 38. Qh5+ Rg6 39. Qf3 Kf6 40. Bf4
Kg7 41. Rd6 Qe7 42. Rxg6+ Kxg6 43. h5+ Kf7 44. Qd5+ Kg7 45. h6+ Kh7 0-1